Mentes poderosas / (Registro nro. 14857)

000 -CABECERA
campo de control de longitud fija 01700nam a2200301 a 4500
001 - NÚMERO DE CONTROL
campo de control 1447513
003 - IDENTIFICADOR DEL NÚMERO DE CONTROL
campo de control OSt
005 - FECHA Y HORA DE LA ÚLTIMA TRANSACCIÓN
campo de control 20230322162433.0
008 - DATOS DE LONGITUD FIJA--INFORMACIÓN GENERAL
campo de control de longitud fija 140916s2013 sp gr 00010 spa d
020 ## - NÚMERO INTERNACIONAL ESTÁNDAR DEL LIBRO
Número Internacional Estándar del Libro 9788427203518
040 ## - FUENTE DE LA CATALOGACIÓN
Centro/agencia transcriptor CO-MqBPB
041 1# - CÓDIGO DE LENGUA
Código de lengua del texto/banda sonora o título independiente spa
Código de lengua original eng
082 04 - NÚMERO DE LA CLASIFICACIÓN DECIMAL DEWEY
Número de clasificación JN
Número de documento/Ítem BRAm
100 1# - ENTRADA PRINCIPAL--NOMBRE DE PERSONA
Nombre de persona Bracken, Alexandra,
Fechas asociadas al nombre 1987-
245 10 - MENCIÓN DE TÍTULO
Título Mentes poderosas /
Mención de responsabilidad, etc. Alexandra Bracken ; traducción de Isabel Murillo.
260 ## - PUBLICACIÓN, DISTRIBUCIÓN, ETC.
Lugar de publicación, distribución, etc. Barcelona :
Nombre del editor, distribuidor, etc. RBA,
Fecha de publicación, distribución, etc. 2013.
300 ## - DESCRIPCIÓN FÍSICA
Extensión 475 páginas ;
Dimensiones 21 cm,
Otras características físicas Tapa Rústica.
490 ## - MENCIÓN DE SERIE
Mención de serie 1a.edición.
500 ## - NOTA GENERAL
Nota general El día de su décimo cumpleaños Ruby se despertó y se dio cuenta de que algo había cambiado. Algo tan estremecedor como para que sus padres la encerraran en el garaje, llamaran a la policía y acabaran trasladándola a Thurmond, un brutal campo de refugiados del gobierno. Sin despedidas ni explicaciones, Ruby ha sido repudiada, evaluada, clasificada y encarcelada. Tal vez haya conseguido sobrevivir a la misteriosa enfermedad que ha acabado con la vida de la mayoría de los niños norteamericanos, pero ella y los demás supervivientes han desarrollado algo que es mucho más temido: unas mentes poderosas imposibles de controlar. Ahora, después de pasar seis años encerrada, Ruby se ha convertido en uno de los elementos más peligrosos... y finalmente, con dieciséis años, ha logrado huir
534 ## - NOTA SOBRE LA VERSIÓN ORIGINAL
Frase introductoria Título original :
Mención de título del original The darkest minds.
650 #4 - PUNTO DE ACCESO ADICIONAL DE MATERIA--TÉRMINO DE MATERIA
Término de materia o nombre geográfico como elemento de entrada Novela estadounidense.
650 #4 - PUNTO DE ACCESO ADICIONAL DE MATERIA--TÉRMINO DE MATERIA
Término de materia o nombre geográfico como elemento de entrada Lo sobrenatural
Subdivisión de forma Novela.
650 #4 - PUNTO DE ACCESO ADICIONAL DE MATERIA--TÉRMINO DE MATERIA
Término de materia o nombre geográfico como elemento de entrada Mujeres
Subdivisión de forma Novela.
650 #4 - PUNTO DE ACCESO ADICIONAL DE MATERIA--TÉRMINO DE MATERIA
Término de materia o nombre geográfico como elemento de entrada Mente y cuerpo
Subdivisión de forma Novela.
700 1# - PUNTO DE ACCESO ADICIONAL--NOMBRE DE PERSONA
Nombre de persona Murillo, Isabel,
Término indicativo de función/relación traductora.
942 ## - ELEMENTOS DE PUNTO DE ACCESO ADICIONAL (KOHA)
Fuente del sistema de clasificación o colocación
Tipo de ítem Koha Libro Literatura
949 ## - PROCESAMIENTO DE INFORMACIÓN LOCAL (OCLC)
a n
b n
Existencias
Estado de retiro Estado de pérdida Fuente del sistema de clasificación o colocación Estado dañado No para préstamo Código de colección Localización permanente Ubicación/localización actual Ubicación en estantería Fecha de adquisición Total de préstamos Renovaciones totales Signatura topográfica completa Código de barras Fecha visto por última vez Fecha del último préstamo Número de copia Precio válido a partir de Tipo de ítem Koha Nota pública
          Literatura Juvenil Biblioteca Pública San Juan Bosco Biblioteca Pública San Juan Bosco Literatura 22/03/2023 6 3 JN BRAm MOS503086 10/02/2026 22/01/2026 Ej. 1 22/03/2023 Libro Literatura Quince días

© Todos los derechos reservados para la Biblioteca Pública Municipal San Juan Bosco, 2020
Secretaria de Cultura de Mosquera
Carrera 3 N° 10 Esquina Centro Cultural Barrio El Carmén Teléfono: 8270830 Ext: 34
Funcionando con KOHA
Contacto: Biblioteca Pública Municipal San Juan Bosco/ bibliotecasanjuanbosco@mosquera-cundinamarca.gov.co
Mosquera, Cundinamarca